000 00578nam a2200181Ia 4500
003 LK-CoDNM
008 010623t2000 xxu||||| |||| 00| 1 sin d
040 _aLK-CoDNM
_dLK-CoDNM
_eLK-CoDNM
041 _asin
080 _a(x) 398
_bMAH
245 _aමහමෙවිනාවේ නාග කුමාරි ඇතුළු රජරට ජනකථා
246 _aMahamevunawe naga kumari athulu rajarata janakatha
260 _bDepartment of cultural affairs
_aColombo
_c2000
300 _b(xxi)289, 21.5 cm
650 _aCulture
650 _aFolktales
942 _cBK
999 _c120539
_d120539